000 00740nam a2200217 4500
001 126261
003 ES-MaACL
005 20230906192803.0
007 t|
008 070214s1974 sp r ||||1| spa d
020 _a0-13-289298-7
100 1 _aRemington, Richard D.
_996132
245 1 0 _aEstadística biométrica y sanitaria /
_cRichard D. Remington, M. Anthony Schork ; traducción y adaptación Jesús María Castaño Ceballos.
260 _aMadrid :
_bPrentice-Hall,
_c1974.
300 _aXII, 387 p. :
_bil. ;
_c24 cm.
650 4 _aBiometría.
_9140149
650 4 _aEstadística médica.
_9155040
700 1 _aSchork, M. Anthony.
_9104665
700 1 _aCastaño Ceballos, Jesús María.
_936435
852 _aES-MaACL
_jE-7631
999 _c126261
_d126261